Geography Quiz

Random Geography or State Quiz

Find the Great Lakes States Quiz Stats

 Plays Quiz not verified by Sporcle

Support Sporcle.
Go Orange.
Score 0/8 Timer 01:00
0 Plays Today
% Correct
Wisconsin
89.2%
Pennsylvania
88.3%
New York
87.8%
Illinois
86%
Michigan
86%
Ohio
85.8%
Indiana
84.1%
Minnesota
82%

You're not logged in!

Compare scores with friends on all Sporcle quizzes.
OR
Log In

From the Vault

'B' This Typing Challenge

by MovieGuru

Sporcle is not responsible for any keyboards broken for the duration of this quiz.
Remove Ads.
Support Sporcle.
Get the best of Sporcle when you Go Orange. This ad-free experience offers more features, more stats, and more fun while also helping to support Sporcle. Thank you for becoming a member.

Show Comments

Extras

Top Quizzes Today


Score Distribution

Your Account Isn't Verified!

In order to create a playlist on Sporcle, you need to verify the email address you used during registration. Go to your Sporcle Settings to finish the process.

Report this User

Report this user for behavior that violates our Community Guidelines.

Details: